Solat Bersama Nabi

Bibliographic Details
Main Author: Muhammad Nasiruddin Al- Albani
Other Authors: Muhammad Rizwan
Format: Book
Published: Kuala Lumpur : Synergy Media
Series:Siri hidayah Islam
Subjects:

MARC

LEADER 00000cam a2200000 7i4500
001 0000035666
005 20130514.0
008 130514
020 |a 9673220496 
090 0 0 |a 297.3824   |b MUH 
100 1 |a Muhammad Nasiruddin Al- Albani. 
245 1 0 |a Solat Bersama Nabi   |c Muhammad Nasiruddin Al- Albani. 
260 |a Kuala Lumpur :   |b Synergy Media 
440 |a Siri hidayah Islam 
650 0 |a Islam   |x prayers & devotions 
650 0 |a Prayer   |x Islam 
700 1 |a Muhammad Rizwan. 
999 |a 0001064600   |b Book   |c Adult Collection   |e Cawangan Taman Sri Lambak 
999 |a 0001153405   |b Book   |c Adult Collection   |e Cawangan Bandar Penawar 
999 |a 0001153406   |b Book   |c Adult Collection   |e Perbadanan Perpustakaan Awam Johor 
999 |a 0001153407   |b Book   |c Adult Collection   |e Cawangan Bandar Penawar 
999 |a 0001153408   |b Book   |c Adult Collection   |e Cawangan Bandar Penawar